000 00763nam a22002297a 4500
999 _c20750
_d20750
003 AR-CdUCM
008 190605b ||||| |||| 00| 0 spa d
040 _aMUNICIPALIDAD PROVINCIAL DEL CUSCO
_cBIBLIOTECA MUNICIPAL DEL CUSCO
041 _heng
082 _a813 /
_bS57
100 _aSinclair, Upton
_940717
245 _a¡Carbón...! :
_bNovela de la cuenca carbonífera del Colorado /
260 _aBarcelona :
_bBauzá,
_c1929.
300 _a362 páginas;
_c19 cm.
440 _aColección ideal
_926085
505 _aContenido: Prologo -- El dominio de S. M. el carbón -- Los sirvo de S. M. el carbón...
650 _aNovela
_9572
650 _aSiglo XX
_98
700 _aAlaiz, F. (traductor)
_943328
942 _2ddc
_cLIBROS
945 _aJavier